Geometrical and Physical optics (Record no. 116)

MARC details
000 -LEADER
Fixed length control field 00489nam a2200193 4500
003 - CONTROL NUMBER IDENTIFIER
Control field SEACOMEC
005 - DATE AND TIME OF LATEST TRANSACTION
Control field 20240404153105.0
008 - FIXED-LENGTH DATA ELEMENTS--GENERAL INFORMATION
Fixed length control field 231006b |||||||| |||| 00| 0 eng d
020 ## - INTERNATIONAL STANDARD BOOK NUMBER / ISBN
Price Rs. 325.00
040 ## - CATALOGING SOURCE
Original cataloging agency SEACOMEC
082 ## - DEWEY DECIMAL CLASSIFICATION NUMBER
Classification number 535
Book Number L854
100 1# - MAIN ENTRY--PERSONAL NAME
Personal name Longhurst, R.S.
245 1# - TITLE STATEMENT
Title Geometrical and Physical optics
Statement of responsibility R.S. Longhurst
250 ## - EDITION STATEMENT
Edition statement 3rd ed.
260 ## - IMPRINT
Place of publication Hyderabad
Name of publisher Orient Longman
Date of publication 1999
650 ## - SUBJECT ADDED ENTRY--TOPICAL TERM
Topical term Physics
650 ## - SUBJECT ADDED ENTRY--TOPICAL TERM
Topical term Light and related radiation
942 ## - ADDED ENTRY ELEMENTS (KOHA)
Koha item type Books
Holdings
Withdrawn status Lost status Source of classification Damaged status Not for loan Home library Current library Date acquired Total Checkouts Call number Accession number Date last seen Price effective from Koha item type Copy number
    Dewey Decimal Classification     SEACOM ENGINEERING COLLEGE SEACOM ENGINEERING COLLEGE 29/07/2006   535 L854 4905 04/04/2024 04/04/2024 Books  
    Dewey Decimal Classification     SEACOM ENGINEERING COLLEGE SEACOM ENGINEERING COLLEGE 04/04/2024   535 L854 4906 04/04/2024 04/04/2024 Books 1
    Dewey Decimal Classification     SEACOM ENGINEERING COLLEGE SEACOM ENGINEERING COLLEGE 04/04/2024   535 L854 4907 04/04/2024 04/04/2024 Books 2
    Dewey Decimal Classification     SEACOM ENGINEERING COLLEGE SEACOM ENGINEERING COLLEGE 04/04/2024   535 L854 4908 04/04/2024 04/04/2024 Books 3
    Dewey Decimal Classification     SEACOM ENGINEERING COLLEGE SEACOM ENGINEERING COLLEGE 04/04/2024   535 L854 4909 04/04/2024 04/04/2024 Books 4
© Seacom Engineering College, All rights reserved.      Powered by Koha